[Event "Cannes op"]
[Site "Cannes"]
[Date "1995.??.??"]
[Round "6"]
[White "Loeffler, Markus"]
[Black "Haik, Aldo"]
[Result "0-1"]
[WhiteElo "2320"]
[BlackElo "2435"]

1.e4 g6 2.d4 Bg7 3.Nc3 c6 4.Nf3 d6 5.Be2 Nf6 6.h3 O-O 7.O-O b5 8.e5 dxe5
9.dxe5 Nfd7 10.Bf4 Qc7 11.Qd4 Qb6 12.Rfd1 Qxd4 13.Rxd4 Nc5 14.Bg3 Bf5 15.Bh4 Re8
16.g4 Bxc2 17.Rc1 Ba4 18.Ne4 Ne6 19.Rd2 b4 20.Nc5 Nxc5 21.Rxc5 a6 22.Kf1 Ra7
23.Rc4 a5 24.b3 Bb5 25.Rcd4 Bxe2+ 26.Kxe2 h6 27.Ke3 c5 28.Rd5 Rc7 29.Ke4 f6
30.Bg3 f5+ 31.gxf5 gxf5+ 32.Ke3 e6 33.Rd6 Bf8 34.Rd8 Kf7 35.Rxe8 Kxe8 36.Kd3 Nc6
37.Kc4 Nd4 38.Nxd4 cxd4+ 39.Kxd4 Rc3  0-1

[Event "Cannes op"]
[Site "Cannes"]
[Date "1995.??.??"]
[Round "7"]
[White "Berthelot, Yannick"]
[Black "Letreguilly, Olivier"]
[Result "1-0"]
[WhiteElo "2255"]
[BlackElo "2300"]

1.e4 g6 2.d4 Bg7 3.Nc3 c6 4.f4 d5 5.e5 h5 6.Be3 Nh6 7.Nf3 Bg4 8.h3 Bxf3 9.Qxf3 h4
10.Bd3 e6 11.O-O Bf8 12.Ne2 Nd7 13.b3 Ba3 14.Bc1 Qa5 15.Bxa3 Qxa3 16.c4 Nb6
17.c5 Nc8 18.b4 b5 19.Bxb5  1-0

[Event "Cannes Martinez op"]
[Site "Cannes"]
[Date "1995.??.??"]
[Round "9"]
[White "Fontaine, Robert"]
[Black "Trommsdorf, Fro"]
[Result "1-0"]
[WhiteElo "2225"]
[BlackElo "2185"]

1.e4 g6 2.d4 Bg7 3.Nc3 c6 4.f4 d5 5.e5 Nh6 6.Nf3 O-O 7.Be2 Bg4 8.Be3 Nf5
9.Bf2 f6 10.h3 Bxf3 11.Bxf3 Bh6 12.Ne2 fxe5 13.fxe5 e6 14.Qd3 Nd7 15.O-O c5
16.c3 Qe7 17.Rad1 c4 18.Qb1 b5 19.Bg4 Ne3 20.Bxe3 Bxe3+ 21.Kh1 Kg7 22.Qc2 h5
23.Bf3 Qh4 24.Kh2 Rf7 25.g3 Qe7 26.Bg2 Raf8 27.Rxf7+ Rxf7 28.Rf1 Rxf1 29.Bxf1 Qf7
30.Bg2 Qf2 31.Qd1 Nb6 32.b3 a5 33.h4 b4 34.bxc4 dxc4 35.Qc2 bxc3 36.Qb1 Nd5
37.Qb7+ Kg8 38.Qd7 Qf7 39.Qd8+ Kg7  1-0

[Event "Cappelle op"]
[Site "Cappelle la Grande"]
[Date "1995.??.??"]
[Round "2"]
[White "Zlochevskij, Alexander"]
[Black "Groenn, Atle"]
[Result "1-0"]
[WhiteElo "2485"]
[BlackElo "2320"]

1.d4 g6 2.e4 Bg7 3.Nc3 c6 4.Bc4 d6 5.Qf3 e6 6.Nge2 Nd7 7.a4 Ngf6 8.Ba2 e5
9.h3 O-O 10.O-O Qe7 11.Bg5 exd4 12.Nxd4 Nc5 13.Qe3 Re8 14.Rfe1 Ne6 15.Nxe6 Bxe6
16.Bxe6 Qxe6 17.Rad1 Nd7 18.Bh6 Bf6 19.Qg3 d5 20.exd5 Qxe1+ 21.Rxe1 Rxe1+
22.Kh2 Rae8 23.Bd2 Ra1 24.Qf3 Be5+ 25.g3 c5 26.d6 Bxd6 27.Qxb7 Ne5 28.f4 h5
29.fxe5 Bxe5 30.Ne4 h4 31.Bf4 Rb8 32.Qe7 Bxf4 33.gxf4 Rxa4 34.Nf6+ Kg7 35.Ne8+ Kg8
36.Qe5  1-0

[Event "Cappelle op"]
[Site "Cappelle la Grande"]
[Date "1995.??.??"]
[Round "3"]
[White "Reinderman, Dimitri"]
[Black "Sokolovs, Andrei"]
[Result "1/2-1/2"]
[WhiteElo "2440"]
[BlackElo "2520"]

1.e4 g6 2.d4 Bg7 3.Nc3 c6 4.f4 d5 5.e5 f6 6.Nf3 Nh6 7.Be3 O-O 8.Qd2 Bg4 9.h4 Nf5
10.Nh2 fxe5 11.fxe5 Nxe3 12.Qxe3 Be6 13.O-O-O c5 14.dxc5 d4 15.Qxd4 Qxd4
16.Rxd4 Nc6 17.Re4 Bf5 18.Bc4+ Kh8 19.Ree1 Nxe5 20.Bd5 Rac8 21.Ne4 b6 22.Nf3 Nxf3  1/2-1/2

[Event "Cappelle op"]
[Site "Cappelle la Grande"]
[Date "1995.??.??"]
[Round "5"]
[White "Nikolenko, Oleg"]
[Black "Safranska, Anda"]
[Result "1-0"]
[WhiteElo "2480"]
[BlackElo "2240"]

1.e4 g6 2.d4 Bg7 3.Nc3 c6 4.Bc4 e6 5.e5 f6 6.Nf3 d6 7.exd6 Qxd6 8.Ne4 Qc7
9.Nc5 Kf7 10.Qe2 Qe7 11.O-O Nh6 12.Re1 Re8 13.Bf4 g5 14.Bg3 Nf5 15.Bxb8 Rxb8
16.Qd3 Nd6 17.Nxe6 Bxe6 18.Bxe6+ Qxe6 19.Rxe6 Rxe6 20.d5 cxd5 21.Qxd5 Ke7
22.Kf1 Rc8 23.Nd4 Re5 24.Re1  1-0

[Event "Cappelle op"]
[Site "Cappelle la Grande"]
[Date "1995.??.??"]
[Round "7"]
[White "Sveshnikov, Evgeny"]
[Black "Zlochevskij, Alexander"]
[Result "1-0"]
[WhiteElo "2560"]
[BlackElo "2485"]

1.e4 g6 2.d4 Bg7 3.Nc3 c6 4.f4 d5 5.e5 h5 6.Nf3 Nh6 7.Be3 b6 8.g3 Ba6 9.Bg2 e6
10.h3 Qe7 11.Ng5 Nd7 12.Qf3 c5 13.O-O-O Nf5 14.h4 Rc8 15.dxc5 Nxe3 16.Qxe3 Qxc5
17.Qd2 Nb8 18.Kb1 Bh6 19.Bf3 Bxg5 20.hxg5 Nc6 21.Be2 Bxe2 22.Qxe2 Na5 23.Nb5 Ke7
24.Nd6 Rc7 25.b3 Rd7 26.g4 h4 27.Rh3 Nb7 28.Nb5 a6 29.Nd4 b5 30.f5 Qb6 31.Qf2 Nc5
32.fxe6  1-0

[Event "Ceske Budejovice op"]
[Site "Ceske Budejovice"]
[Date "1995.??.??"]
[Round "7"]
[White "Prandstetter, Eduard"]
[Black "Karlik, Vladimir"]
[Result "1-0"]
[WhiteElo "2380"]
[BlackElo "2240"]

1.e4 g6 2.d4 Bg7 3.Nc3 c6 4.Nge2 d6 5.g3 Nf6 6.Bg2 O-O 7.O-O e5 8.h3 Nbd7
9.a4 a5 10.Be3 Re8 11.Re1 Qc7 12.g4 exd4 13.Bxd4 b6 14.Ng3 h6 15.f4 Bb7 16.h4 d5
17.e5 Nh7 18.g5 hxg5 19.hxg5 Nhf8 20.Bf2 Ne6 21.Qg4 Qd8 22.Rad1 Nxe5 23.fxe5 Nxg5
24.Nge4 Nxe4 25.Nxe4 Bxe5 26.Bh4 Bc8 27.Bxd8 Bxg4 28.Nf6+ Bxf6 29.Rxe8+ Kh7
30.Bxf6 Rxe8 31.Rd4 Re1+ 32.Kh2 Be6 33.c4 dxc4 34.Re4 Rxe4 35.Bxe4 b5 36.Bxc6 bxa4
37.Bxa4 Bg4 38.Kg3 Be6 39.Kf4 Kh6 40.Bd1 Bd7 41.Be2 Be6 42.Bg5+ Kg7 43.Ke5 a4
44.Be7 Kh6 45.Kf6 Kh7 46.Bd1 Kh8 47.Bf8 Kh7 48.Bxa4 Kg8 49.Bb4 Kh7 50.Be8 Kg8
51.Bc6 Kh7 52.Be4  1-0

[Event "Ceske Budejovice op"]
[Site "Ceske Budejovice"]
[Date "1995.??.??"]
[Round "8"]
[White "Hrabe, Petr"]
[Black "Neuman, Petr"]
[Result "1-0"]
[WhiteElo "2305"]
[BlackElo "2155"]

1.e4 g6 2.d4 Bg7 3.Nc3 c6 4.f4 d5 5.e5 h5 6.Nf3 Bg4 7.h3 Bxf3 8.Qxf3 Qb6
9.Qf2 e6 10.Bd3 Ne7 11.Bd2 Nf5 12.Bxf5 exf5 13.O-O Nd7 14.Na4 Qb5 15.b3 O-O-O
16.Nb2 Nf8 17.a4 Qb6 18.a5 Qa6 19.Nd3 Ne6 20.Nb4 Qb5 21.a6 Bf8 22.axb7+ Kxb7
23.Nd3 Ra8 24.Ra4 Kc8 25.Rfa1 Qb7 26.c4 Qxb3 27.Nb4 Qxc4 28.Na6 Qb5 29.Bb4 Qb7
30.Bxf8 Rxf8 31.Rb4 Qd7 32.Rab1 Kd8 33.Rb7 Qc8 34.Rb8 Rxb8 35.Rxb8 Kd7 36.Rxc8 Rxc8
37.Qb2 Nd8 38.Qb4 Ke8 39.Nc5 Ra8 40.Qa5  1-0

[Event "Ceske Budejovice op"]
[Site "Ceske Budejovice"]
[Date "1995.??.??"]
[Round "9"]
[White "Hausner, Ivan"]
[Black "Karlik, Vladimir"]
[Result "1-0"]
[WhiteElo "2455"]
[BlackElo "2240"]

1.e4 g6 2.d4 Bg7 3.Nc3 c6 4.Nf3 d6 5.Be3 Nf6 6.h3 O-O 7.Be2 Qc7 8.O-O e5
9.dxe5 dxe5 10.Nd2 Rd8 11.a4 Nbd7 12.Qc1 Nf8 13.Re1 Ne6 14.Ncb1 Bf8 15.Bc4 Nc5
16.Bg5 Be7 17.Nc3 Ne6 18.Be3 Nd4 19.Ncb1 a5 20.c3 Ne6 21.Na3 Nh5 22.Qc2 Nhf4
23.Nb3 Bd7 24.Bf1 Bxa3 25.Rxa3 b5 26.g3 Nh5 27.Raa1 Be8 28.Qe2 Rdb8 29.Nc5 Qe7
30.Nxe6 Qxe6 31.Red1 Nf6 32.Bc5 Qc4 33.Bd6 Qxe2 34.Bxe2 Rb7 35.f3 Nd7 36.b4 bxa4
37.Rxa4  1-0

[Event "US-op"]
[Site "Concord"]
[Date "1995.??.??"]
[Round "7"]
[White "Margulis, Isaak"]
[Black "Frumkin, Edward"]
[Result "1-0"]
[WhiteElo "2290"]
[BlackElo "2160"]

1.e4 g6 2.d4 Bg7 3.Nc3 c6 4.f4 d5 5.e5 h5 6.Be3 Nh6 7.Qd2 Ng4 8.O-O-O b5
9.Nf3 Nxe3 10.Qxe3 Bg4 11.Bd3 e6 12.Rdf1 Bxf3 13.Qxf3 Nd7 14.Ne2 Qa5 15.Kb1 Nb6
16.Nc1 Nc4 17.Nb3 Qb6 18.Rf2 a5 19.Nc5 a4 20.Bxg6 fxg6 21.Nxe6 Ra7 22.Qg3 Rg8
23.Qxg6+ Ke7 24.Nxg7  1-0

[Event "Copenhagen op2"]
[Site "Copenhagen"]
[Date "1995.??.??"]
[Round "4"]
[White "Crouch, Colin S"]
[Black "Fries Nielsen, Jens Ove"]
[Result "1-0"]
[WhiteElo "2410"]
[BlackElo "2415"]

1.e4 g6 2.d4 Bg7 3.Nc3 c6 4.Nf3 d5 5.h3 dxe4 6.Nxe4 Nf6 7.Nxf6+ exf6 8.Bd3 O-O
9.O-O Nd7 10.Bf4 Nb6 11.c4 Be6 12.Qc2 Rc8 13.Rad1 Re8 14.b3 Nd7 15.Qb1 Qa5
16.Rfe1 Nf8 17.b4 Qh5 18.Nd2 Qh4 19.Be3 Red8 20.Bf1 f5 21.Nf3 Qe7 22.Bf4 Qd7
23.a4 f6 24.Bc1 Qf7 25.Qd3 g5 26.Bb2 Ng6 27.Rc1 g4 28.Nh2 Bh6 29.Rc2 Nf4
30.Qc3 gxh3 31.g3 Ng2 32.Bxg2 hxg2 33.f4 b5 34.d5 cxd5 35.Qxf6 Qxf6 36.Bxf6 Re8
37.c5 d4 38.Rce2 Bd7 39.Rxe8+ Rxe8 40.Rxe8+ Bxe8 41.axb5 d3 42.Nf3 Bxb5 43.Kxg2 Kf7
44.Bc3 Bf8 45.Kf2 a5 46.Ke3 axb4 47.Bxb4 Be7 48.Ng5+ Kg6 49.Ne6 Kf7 50.Nc7 Bc4
51.c6 Bf8 52.Bxf8 Kxf8 53.Na8 Kf7 54.c7 Ba6 55.Nb6 Kg6 56.Nc4 Kh5 57.Ne5  1-0

[Event "Copenhagen op17"]
[Site "Copenhagen"]
[Date "1995.??.??"]
[Round "5"]
[White "Brinck Claussen, Bjorn"]
[Black "Fries Nielsen, Jens Ove"]
[Result "1/2-1/2"]
[WhiteElo "2355"]
[BlackElo "2420"]

1.e4 g6 2.d4 Bg7 3.Nc3 c6 4.Bc4 d6 5.Qf3 e6 6.Nge2 Ne7 7.Bg5 Nd7 8.O-O-O b5
9.Bb3 a5 10.a4 bxa4 11.Nxa4 Rb8 12.Nec3 Rb4 13.Qe3 h6 14.Bh4 O-O 15.g4 Ba6
16.f4 Bc4 17.Bxc4 Rxc4 18.b3 Rb4 19.e5 d5 20.Ne2 Re8 21.Be1 Rxa4 22.bxa4 Qb6
23.Bc3 c5 24.Kd2 Qc6 25.Bxa5 Qa6 26.Bc3 Nb6 27.Qd3 Nc4+ 28.Ke1 Nc6 29.Kf2 cxd4
30.Nxd4 Nxd4 31.Bxd4 Rc8 32.Ra1 Qa5 33.Ke2 g5 34.fxg5 Nxe5 35.Bxe5 Bxe5 36.gxh6 Rc3
37.Qd2 Qa6+ 38.Kd1 Kh7 39.Re1 Bf6 40.g5 Bh8 41.Qf4 Qb7 42.Rf1 Kg6 43.Qd2 Qb4
44.Rf4 Qb2 45.Rc1 Rh3 46.c3 Rxh2 47.Qd3+  1/2-1/2

[Event "CUB-ch"]
[Site "CUB"]
[Date "1995.??.??"]
[Round "13"]
[White "Li, Manuel"]
[Black "Gonzales, Renieo"]
[Result "0-1"]
[WhiteElo "2345"]
[BlackElo "2290"]

1.d4 g6 2.e4 Bg7 3.Nc3 c6 4.Be3 d5 5.f3 dxe4 6.fxe4 Nf6 7.Nf3 Qa5 8.Qd2 O-O
9.O-O-O Ng4 10.e5 c5 11.dxc5 Nc6 12.Bc4 Ncxe5 13.Nxe5 Bxe5 14.Bd4 Rd8 15.Qg5 Rxd4
16.Rxd4 Bxd4 17.Qxe7 Bf5 18.Qxf7+ Kh8 19.Re1 Bf6 20.h3 Bg5+ 21.Kb1 Nh6 22.Qxb7 Rc8
23.b4 Qa3 24.Ne4 Re8 25.Qb5 Re7 26.c6 Bf6  0-1

[Event "CZE-chT 9495"]
[Site "?"]
[Date "1995.??.??"]
[Round "5"]
[White "Folk, Petr"]
[Black "Karlik, Vladimir"]
[Result "0-1"]
[WhiteElo "2295"]
[BlackElo "2240"]

1.e4 g6 2.d4 Bg7 3.Nc3 c6 4.Nf3 d6 5.Bg5 Nf6 6.Qd2 O-O 7.O-O-O b5 8.Bd3 Bg4
9.Qf4 Bxf3 10.Qxf3 Nbd7 11.h4 e5 12.Ne2 exd4 13.Nxd4 Qb6 14.Ne2 Ne5 15.Qg3 Nh5
16.Qh3 Nc4 17.b3 Qc5 18.bxc4 bxc4 19.Bxc4 Qxc4 20.Qd3 Qxa2 21.g4 Nf6 22.Bxf6 Bxf6
23.g5 Bg7 24.f4 Qa5 25.Rdf1 Rab8 26.Kd1 Rb4 27.h5 Rfb8 28.hxg6 hxg6 29.f5 Rb1+
30.Nc1 Rxc1+  0-1

[Event "CZE-chT 9495"]
[Site "?"]
[Date "1995.??.??"]
[Round "6"]
[White "Pribyl, Martin"]
[Black "Stratil, Ladislav Jr"]
[Result "0-1"]
[WhiteElo "2335"]
[BlackElo "2370"]

1.e4 g6 2.d4 Bg7 3.Nc3 c6 4.f4 d5 5.e5 h5 6.Nf3 Nh6 7.Be3 Qb6 8.Rb1 Bg4 9.Be2 Nf5
10.Bf2 e6 11.O-O Nd7 12.Ng5 Bxe2 13.Nxe2 Bf8 14.c3 Be7 15.g3 Qa6 16.a3 Nb6
17.Nc1 Nc4 18.Qe1 Rc8 19.h3 h4 20.g4 Ng3 21.Bxg3 hxg3 22.Kg2 c5 23.Nf3 Qb5
24.a4 Qxa4 25.Qe2 Qb5 26.Nd3 Nb6 27.f5 gxf5 28.gxf5 Nd7 29.Qe3 Qb6 30.Nf4 Nf8
31.Kxg3 Qc6 32.f6 Bd8 33.dxc5 Qxc5 34.Qxc5 Rxc5 35.Ra1 a6 36.h4 Rc4 37.Nd3 Bc7
38.Rh1 Nd7 39.Kf2 Bb6+ 40.Ke2 Re4+ 41.Kd2 Rh5 42.Rae1 Nf8 43.b4 Ng6 44.Nc5 Rf4
45.Rh3 Bxc5 46.bxc5 Kd7 47.Rb1 Kc7 48.Rb4 Re4 49.Rxe4 dxe4 50.Ng5 Nxe5 51.Nxe4 Kc6
52.Ke3 a5 53.Ng3 Rh8 54.h5 a4 55.Rh4 a3 56.Ra4 Kxc5 57.Kf4 Nc4 58.Ne4+ Kd5
59.Ng5 Rxh5 60.Ra7 Rh6 61.Rxb7 Rxf6+ 62.Kg4 Rf1 63.Ra7 f5+ 64.Kh5 Rh1+ 65.Kg6 f4
66.Nf3 Ke4 67.Nd4 e5 68.Nc6 f3 69.Ra4 f2 70.Rxc4+ Kd5  0-1

[Event "Debrecen-ch"]
[Site "Debrecen"]
[Date "1995.??.??"]
[Round "9"]
[White "Binder, Tamas"]
[Black "Mester, Gyula"]
[Result "0-1"]
[WhiteElo "2270"]
[BlackElo "2270"]

1.e4 g6 2.d4 Bg7 3.Nc3 c6 4.Be3 d6 5.Bd3 Nd7 6.Nge2 e5 7.O-O Ngf6 8.h3 O-O
9.Kh1 c5 10.dxe5 Nxe5 11.f4 Nxd3 12.Qxd3 b6 13.Rad1 Bb7 14.Ng3 Re8 15.Rfe1 Qd7
16.Bc1 Rad8 17.Kh2 h5 18.Nd5 h4 19.Nh1 Qa4 20.Nc3 Qc6 21.Nf2 Nxe4 22.Rxe4 Bxc3  0-1

[Event "DEN-chT 9495"]
[Site "?"]
[Date "1995.??.??"]
[Round "5"]
[White "Rewitz, Poul"]
[Black "Andersen, Jackie"]
[Result "1-0"]
[WhiteElo "2285"]
[BlackElo "2310"]

1.e4 g6 2.d4 Bg7 3.Nc3 c6 4.Be3 d5 5.e5 Nh6 6.f4 O-O 7.Nf3 b6 8.h3 f6 9.Qd2 Nf7
10.O-O-O fxe5 11.Nxe5 Qc7 12.g4 Nd7 13.Nxf7 Rxf7 14.Be2 e6 15.h4 Nf8 16.h5 c5
17.hxg6 hxg6 18.f5 exf5 19.Nxd5 Qd8 20.dxc5 bxc5 21.Bg5 Qe8 22.Bc4 Be6 23.gxf5 gxf5
24.Rdg1 Ng6 25.Bh6 Bxd5 26.Bxd5 Bxb2+ 27.Kxb2 Qe5+ 28.c3  1-0

[Event "Dresden op"]
[Site "Dresden"]
[Date "1995.??.??"]
[Round "?"]
[White "Enzmann, Steffen"]
[Black "Heinatz, Thomas"]
[Result "0-1"]
[WhiteElo "2135"]
[BlackElo "2345"]

1.e4 g6 2.d4 Bg7 3.Nc3 c6 4.f4 d5 5.e5 Nh6 6.Be2 f6 7.Nf3 Bg4 8.O-O O-O 9.Nh4 Bxe2
10.Nxe2 fxe5 11.fxe5 Rxf1+ 12.Qxf1 e6 13.Nf3 Nd7 14.Nf4 Nf8 15.Bd2 Qb6 16.Nd3 Nd7
17.Qe2 Nf5 18.c3 h5 19.b4 Qa6 20.Ng5 Re8 21.Qf3 Bh6 22.h3 Rf8 23.Nxe6 Nxd4
24.Qd1 Qxd3 25.Nxf8 Bxd2 26.Nxd7 Ne2+ 27.Kh1 Qe3 28.Qc2 Kg7 29.Nc5 Bxc3 30.Ne6+ Kh6
31.Nf8 Ng3+ 32.Kh2 Ne4 33.Qc1 Bd2 34.Qc2 Qg3+ 35.Kg1 Qf2+  0-1

[Event "Arabian ch"]
[Site "Dubai"]
[Date "1995.??.??"]
[Round "?"]
[White "Hakki, Imad"]
[Black "Kaabi, Mejdi"]
[Result "1-0"]
[WhiteElo "2360"]
[BlackElo "2370"]

1.e4 g6 2.d4 Bg7 3.Nc3 c6 4.Nf3 d6 5.Be2 Nf6 6.O-O O-O 7.Bf4 b5 8.e5 Ne8
9.Re1 d5 10.h3 f6 11.Bd3 Na6 12.a4 b4 13.Na2 Qb6 14.Nc1 f5 15.Qd2 e6 16.a5 Qb8
17.Bxa6 Bxa6 18.Ra4 Bb5 19.Rxb4 Nc7 20.Nd3 Qd8 21.Nc5 Qe7 22.g3 Rab8 23.b3 Ba6
24.h4 Rfe8 25.h5 Rxb4 26.Qxb4 gxh5 27.Kg2 Bf8 28.Rh1 Qf7 29.Qd2 Bc8 30.Nd3 Ba6
31.Nc5 Bc8 32.Bg5 Ba6 33.Ng1 Bxc5 34.dxc5 f4 35.Bxf4 d4 36.Qxd4 Nd5 37.Rh4 Ne7
38.Qd1 Ng6 39.Qxh5 Nxh4+ 40.Qxh4 Qg6 41.c4 Bc8 42.Bg5 Bd7 43.Bf6 Rb8 44.Qd4 Be8
45.Ne2 Rxb3 46.Nf4 Qf7 47.Qd1  1-0

[Event "Catalunya-chT"]
[Site "ESP"]
[Date "1995.??.??"]
[Round "?"]
[White "De la Riva Aguado, Oscar"]
[Black "Spraggett, Kevin"]
[Result "1/2-1/2"]
[WhiteElo "2425"]
[BlackElo "2520"]

1.e4 g6 2.d4 Bg7 3.Nc3 c6 4.h3 d6 5.a4 Nf6 6.Nge2 Qa5 7.Bd2 e5 8.Nd5 Qd8
9.Nxf6+ Qxf6 10.dxe5 dxe5 11.Bb4 a5 12.Ba3 Bf8 13.Bxf8 Kxf8 14.Nc1 Kg7 15.Bc4 Rd8
16.Qe2 Nd7 17.Nb3 Qe7 18.c3 Nb6 19.Nd2 Nxa4 20.Rxa4 b5 21.Ra1 bxc4 22.O-O Bxh3
23.Nxc4 Qg5 24.Qf3 Be6 25.Nxa5 c5 26.Nb7 Rxa1 27.Rxa1 Rc8 28.Nd6 Rb8 29.Qe2 Qe7
30.Rd1 Rb6 31.Nb5 c4 32.Na3 Qc5 33.Rd8 h5 34.Rd2 Rb7 35.Qd1 Qc6 36.Qe1 Qc5
37.Qd1 Rb8 38.Qc1 Qb6 39.Qe1 h4 40.Qd1 h3 41.g3 Qc6 42.Qe1 Qc5 43.Kh2 g5
44.f3 g4 45.fxg4 Bxg4 46.Nc2 Rxb2 47.Ne3 Rxd2+ 48.Qxd2 Be6 49.Ng4 Bxg4 50.Qg5+ Kf8
51.Qd8+ Kg7  1/2-1/2

[Event "FIN-ch"]
[Site "FIN"]
[Date "1995.??.??"]
[Round "?"]
[White "Hartikainen, Markku"]
[Black "Nippula, Timo"]
[Result "1-0"]
[WhiteElo "2255"]
[BlackElo "2255"]

1.e4 g6 2.d4 Bg7 3.Nc3 c6 4.Be3 d5 5.Qd2 Qa5 6.exd5 cxd5 7.Bb5+ Bd7 8.Nxd5 Qxd2+
9.Kxd2 Bxb5 10.Nc7+ Kf8 11.Nxb5 Nc6 12.c3 Rd8 13.Ke2 Nf6 14.Nf3 a6 15.Na3 Ne4
16.Nc4 b5 17.Nce5 Na5 18.a4 Nc4 19.Rhb1 f6 20.Nd3 bxa4 21.Nd2 Nexd2 22.Bxd2 a3
23.b3 Nxd2 24.Kxd2 e5 25.dxe5 fxe5 26.f3 Kf7 27.Rxa3 Rd6 28.Kc2 Rhd8 29.Rd1 Rc8
30.Nf2 Rxd1 31.Nxd1 Rc6 32.Nf2 Ke6 33.Ne4 Kf5 34.Kd3 h5 35.Ra5 g5 36.h3 h4
37.b4 Bf8 38.Rd5 Be7 39.Rd7 Ke6 40.Rb7 Bd8 41.Rg7 Kf5 42.Re7 Bb6 43.c4 Bd4
44.c5 Rg6 45.Rf7+ Ke6 46.Ra7 Kd5 47.Ra8 Bb2 48.Rd8+ Kc6 49.Kc4 Bd4 50.Rf8 Be3
51.Rf7 Rg8 52.Ra7 Rd8 53.Rxa6+ Kb7 54.Rd6 Ra8 55.Rd7+ Kc8 56.c6 Ra2 57.Nd6+ Kb8
58.c7+  1-0

[Event "FIN-chT"]
[Site "FIN"]
[Date "1995.??.??"]
[Round "?"]
[White "Paavilainen, Jorma"]
[Black "Tuomala, Tapio"]
[Result "1/2-1/2"]
[WhiteElo "2340"]
[BlackElo "2285"]

1.e4 g6 2.d4 Bg7 3.Nc3 c6 4.Nf3 d6 5.a4 Nf6 6.Be2 O-O 7.O-O Bg4 8.Be3 Nbd7
9.Nd2 Bxe2 10.Qxe2 e5 11.dxe5 dxe5 12.f3 Qe7 13.Qc4 Ne8 14.a5  1/2-1/2

[Event "Frydek-Mistek op-B"]
[Site "Frydek-Mistek"]
[Date "1995.??.??"]
[Round "?"]
[White "Prochownik, Franciszek"]
[Black "Karlik, Vladimir"]
[Result "1-0"]
[WhiteElo "2285"]
[BlackElo "2240"]

1.e4 g6 2.d4 Bg7 3.Nc3 c6 4.f3 d5 5.Be3 Nf6 6.e5 Ng8 7.Qd2 f6 8.exf6 Nxf6
9.O-O-O Be6 10.Re1 Nbd7 11.Nge2 Bf7 12.g4 Qa5 13.Kb1 O-O-O 14.Nc1 e5 15.Nb3 Qc7
16.Na4 b6 17.Nc1 Bf8 18.Bh3 Bd6 19.g5 Nh5 20.dxe5 Bxe5 21.Bxb6 axb6 22.Rxe5 Qxe5
23.Nxb6+ Kc7 24.Re1 Qf4 25.Qa5 Kd6 26.Nxd7 Rhe8 27.Qc5+ Kc7 28.Qb6+ Kd6 29.Ne5 Rc8
30.Ncd3 Rxe5 31.Rxe5 Qc4 32.Bxc8  1-0

[Event "Gausdal Int"]
[Site "Gausdal"]
[Date "1995.??.??"]
[Round "2"]
[White "Johnsen, Sverre"]
[Black "Tonning, Erik"]
[Result "1-0"]
[WhiteElo "2250"]
[BlackElo "2240"]

1.d4 g6 2.e4 Bg7 3.Nc3 c6 4.Bc4 d6 5.Qe2 b5 6.Nxb5 cxb5 7.Bd5 Qb6 8.Bxa8 Bxd4
9.Nf3 Bg4 10.c3 Bg7 11.a4 Bd7 12.axb5 Bxb5 13.Qe3 Qxe3+ 14.Bxe3 a6 15.Nd4 Bd7
16.Bb7 Nf6 17.f3 O-O 18.Bxa6 e5 19.Nc2 d5 20.Bb7 dxe4 21.fxe4 Bb5 22.Nb4 Nbd7
23.Ra8 Rxa8 24.Bxa8 Ng4 25.Kd2 Nxe3 26.Kxe3 Bh6+ 27.Kf3 f5 28.Rd1 Nf6 29.Bd5+ Kg7
30.Ra1 g5 31.Ra7+ Kh8 32.exf5 g4+ 33.Kf2 e4 34.Re7 e3+ 35.Rxe3  1-0

[Event "Geneve op"]
[Site "Geneve"]
[Date "1995.??.??"]
[Round "2"]
[White "Olivier, Jean Christophe"]
[Black "Spraggett, Kevin"]
[Result "0-1"]
[WhiteElo "2360"]
[BlackElo "2520"]

1.e4 g6 2.d4 Bg7 3.Nc3 c6 4.f4 d5 5.e5 Nh6 6.h3 Nf5 7.Nce2 h5 8.g3 c5 9.c3 cxd4
10.cxd4 Nc6 11.Nf3 Qb6 12.Bg2 f6 13.Qb3 Qxb3 14.axb3 Nb4 15.Kf2 Nd3+ 16.Kg1 Bd7
17.Bf1 g5 18.exf6 exf6 19.fxg5 fxg5 20.Bxg5 O-O 21.Rd1 Bb5 22.Kg2 Rae8 23.Nc3 Ne3+
24.Bxe3 Rxe3 25.Nxb5 Rfxf3 26.Rxd3 Rxg3+ 27.Kh2 Rxd3 28.Bxd3 Rxd3 29.Rg1 Rxb3
30.Nxa7 Rxb2+ 31.Kh1 Kf7 32.Rg5 Bxd4 33.Nc8 h4 34.Rxd5 Bf2 35.Nd6+ Kg6 36.Kg2 Bg3+
37.Kf3 Rb3+ 38.Kg2 Bf4 39.Rd4 Kg5 40.Rd5+ Kg6 41.Nf5 Bg5 42.Nd6 b6 43.Nb5 Rg3+
44.Kf1 Rxh3 45.Rd6+ Kh5 46.Rxb6 Rb3 47.Rb7 Rb1+ 48.Kf2 h3 49.Rh7+ Kg4 50.Nc3 Ra1
51.Ne4 Bh4+ 52.Ke2 Re1+ 53.Kd3 Rxe4 54.Kxe4 h2 55.Rg7+  0-1

[Event "BL2-N9495"]
[Site "Germany"]
[Date "1995.??.??"]
[Round "?"]
[White "Hargens, Thomas"]
[Black "Breutigam, Martin"]
[Result "1-0"]
[WhiteElo "2270"]
[BlackElo "2345"]

1.e4 g6 2.d4 Bg7 3.Nc3 c6 4.Nf3 d5 5.h3 Nh6 6.Bf4 f6 7.exd5 cxd5 8.Bb5+ Kf8
9.O-O Nf7 10.Qe2 Nc6 11.Rfe1 e6 12.Rad1 a6 13.Bxc6 bxc6 14.Na4 Ra7 15.c4 Re7
16.cxd5 cxd5 17.Bg3 Bh6 18.Qc2 Kg7 19.Qc3 Rhe8 20.Nc5 Nd6 21.a4 Bb7 22.Qb4 a5
23.Qb3 Bc6 24.Qc3 Nb7 25.b3 Qb6 26.Nd3 Bd7 27.Bf4 g5 28.Be3 Rc8 29.Qb2 Be8
30.Nc5 Bh5 31.g4 Bg6 32.Re2 Nd6 33.h4 Be4 34.Nd2 gxh4 35.Bxh6+ Kxh6 36.f3 Bg6
37.Nxe6 Rc2 38.Qa3 Rxe6 39.Rxe6 Qxd4+ 40.Kh1 Rxd2 41.Qc1 Ne4 42.Rxe4 Bxe4
43.Qxd2+ Qxd2 44.Rxd2 Bxf3+ 45.Kh2 Kg5 46.Rd4 Be4 47.b4 axb4 48.Rxb4 Bd3
49.a5 Bc4 50.Rb6 Kxg4 51.Rxf6 h3 52.a6 Bxa6 53.Rxa6 Kf3 54.Rd6 Ke4 55.Kxh3 d4
56.Kg3 Ke3 57.Re6+ Kd2 58.Kf3 d3 59.Rh6  1-0

[Event "BL9495 (Women)"]
[Site "Germany"]
[Date "1995.??.??"]
[Round "203"]
[White "Burchardt, Brigitte"]
[Black "Juergens, Vera"]
[Result "0-1"]
[WhiteElo "2275"]
[BlackElo "2280"]

1.e4 g6 2.d4 c6 3.Nc3 Bg7 4.Be3 d5 5.h3 h5 6.Bd3 Nh6 7.Nge2 b6 8.Qd2 Ba6
9.O-O-O Bxd3 10.Qxd3 dxe4 11.Qxe4 Qc8 12.Bg5 O-O 13.g4 hxg4 14.Kb1 gxh3 15.Bxh6 Bxh6
16.Qh4 Bg7 17.Rxh3 Re8 18.Rdh1 Nd7 19.Ne4 Nf8 20.Qg3 c5 21.Ng5 f6 22.Nh7 Qf5
23.Nxf8 Rxf8 24.Nf4 Kf7 25.dxc5 g5 26.Qb3+ e6 27.Nh5 Rh8 28.cxb6 axb6 29.Qxb6 Kg6
30.Qb7 Rab8 31.Qg2 Rbd8 32.Nxg7 Qxh3 33.Qe4+ Kxg7 34.Re1 Qf5 35.Qb7+ Kg6
36.a4 Rd2 37.Qc7 Rhd8 38.Re3 Rd1+ 39.Ka2 Qd5+ 40.b3 Qd4 41.Rc3 Qxf2 42.Rh3 R1d7  0-1

[Event "BL2-N9495"]
[Site "Germany"]
[Date "1995.??.??"]
[Round "?"]
[White "Schoeneich, Matthias"]
[Black "Volkmer, Andreas"]
[Result "1-0"]
[WhiteElo "2205"]
[BlackElo "2265"]

1.e4 g6 2.d4 Bg7 3.Nc3 c6 4.Be3 d5 5.Qd2 dxe4 6.Nxe4 Nd7 7.O-O-O Ngf6 8.Ng3 Nb6
9.Nf3 Bg4 10.c4 Bxf3 11.gxf3 Nbd7 12.h4 h5 13.Bf4 a5 14.Rg1 Qb6 15.Re1 Qb4
16.Qe3 O-O 17.a3 Qb6 18.Nf5 e5 19.Ne7+ Kh7 20.dxe5 Qxe3+ 21.fxe3 Ng8 22.e6 fxe6
23.Nxg6 Rfe8 24.Bd3 Nc5 25.Bc2 Nh6 26.Rg5 Nf5 27.Reg1 e5 28.Rxf5 exf4 29.Nxf4 Ne6
30.Nxe6 Rxe6 31.Rf6+  1-0

[Event "BL2-W9495"]
[Site "Germany"]
[Date "1995.??.??"]
[Round "?"]
[White "Polster, Wolfgang"]
[Black "Fischdick, Gisela"]
[Result "1/2-1/2"]
[WhiteElo "2250"]
[BlackElo "2300"]

1.e4 g6 2.d4 Bg7 3.Nc3 c6 4.Be3 d5 5.Qd2 Nf6 6.exd5 cxd5 7.Nf3 Nc6 8.Bd3 O-O
9.Bh6 a6 10.h4 Nb4 11.h5 Bxh6 12.Qxh6 Ng4 13.Qd2 Nxd3+ 14.Qxd3 Qd6 15.Qd2 b5
16.a3 Bd7 17.Qg5 h6 18.Qxd5 Kg7 19.Ne5 Qxd5 20.Nxd5 Nxe5 21.dxe5 Bc6 22.O-O-O Ra7
23.f3 Rc8 24.Rh4 Bxd5 25.Rxd5 Rac7 26.c3 Rc5 27.Rxc5 Rxc5 28.hxg6 fxg6 29.Re4 Kf7
30.Kd2 Ke6 31.f4 h5 32.Rd4 g5 33.g3 gxf4 34.gxf4 Kf5 35.Ke3 h4 36.Rd8 Rc4
37.Rf8+ Kg4 38.Rg8+ Kh5 39.Kf3 e6 40.Rh8+ Kg6 41.Rxh4 a5 42.Rg4+ Kf7 43.Ke3 Ra4
44.Rg2 Rc4 45.Rd2 Rc7 46.Rd6 b4 47.axb4 axb4 48.Kd4 bxc3 49.bxc3 Ra7 50.c4 Ke7
51.c5 Ra4+ 52.Ke3 Rc4 53.c6 Rc1 54.f5 exf5 55.Kf4 Rf1+ 56.Kg5 f4 57.Kf5 f3
58.Rd7+ Ke8 59.Ra7 Rc1 60.Kf6 Rxc6+ 61.e6 Kd8 62.Ra8+ Kc7 63.Ra2 Rc4 64.e7 Re4
65.Rf2 Kd7 66.Rd2+ Kc7 67.Rf2 Kd7  1/2-1/2

[Event "BL2-N9495"]
[Site "Germany"]
[Date "1995.??.??"]
[Round "?"]
[White "Hermann, Manfred"]
[Black "Sperlich, Olaf"]
[Result "1-0"]
[WhiteElo "2385"]
[BlackElo "2290"]

1.e4 g6 2.d4 Bg7 3.Nc3 c6 4.Nf3 d5 5.h3 Nh6 6.Bf4 f6 7.exd5 cxd5 8.Nb5 Na6
9.c4 Nf7 10.cxd5 Qxd5 11.Nc3 Qf5 12.Bb5+ Bd7 13.Bxd7+ Qxd7 14.O-O O-O 15.Re1 Rfe8
16.Qb3 b6 17.Rad1 Qf5 18.Bg3 e5 19.Ne4 Qe6 20.Qxe6 Rxe6 21.dxe5 fxe5 22.Rd7 h6
23.Rc1 Bf8 24.Nfd2 Be7 25.a3 Kf8 26.b4 Ke8 27.Rd5 Rd8 28.Rxd8+ Kxd8 29.f3 Nc7
30.Rd1 Kc8 31.Nc4 Kb7 32.Kf1 Rc6 33.Nxe5 Nxe5 34.Bxe5 Kc8 35.Bxc7 Kxc7 36.Rd3 a5
37.bxa5 bxa5 38.Nc3 Bh4 39.Ke2 Kb6 40.Kd2 h5 41.g4 hxg4 42.hxg4 Re6 43.Ne4 Be7
44.a4 Rc6 45.Rd7 Re6 46.Rd5 Kc6 47.Rb5 Bb4+ 48.Kd3 Re7 49.Rg5 Rg7 50.Kc4 Kd7
51.Kd4 Ke8 52.f4 Rd7+ 53.Rd5 Rc7 54.Nd6+ Ke7 55.Nc4 Ke6 56.Rb5 Rd7+ 57.Ke4 Bc3
58.Rb6+ Ke7 59.Rc6 Rd1 60.Nb6 Bd2 61.Rxg6 Kf7 62.Rd6 Re1+ 63.Kf5 Bc3 64.g5 Rf1
65.Nd5 Bb2 66.g6+ Kg7 67.Rd7+ Kg8 68.Nc7 Rc1 69.Rd8+ Kg7 70.Ne6+ Kh6 71.Rd2  1-0